000 006230000a22001810004500
003 MACL
005 20160531112623.0
008 160531b xxu||||| |||| 00| 0 eng d
040 _aMACL
_cMACL
041 _aHindi
082 _a900 MIS
100 _aमिश्र, रामप्रसाद
_960937
245 _aदिल्‍ली का प्राचीन इतिहास
_cरामप्रसाद मिश्र
260 _aनई दिल्‍ली
_bयतिन प्रकाश्‍ान
_c2012
350 _a200
650 _aइतिहास
_960938
942 _cHIN
_k900/MIS
_2ddc
999 _c47802
_d47802